Supply Chain Analytics / (Record no. 2877)

000 -LEADER
fixed length control field 00894nam a2200289 a 4500
006 - FIXED-LENGTH DATA ELEMENTS--ADDITIONAL MATERIAL CHARACTERISTICS--GENERAL INFORMATION
fixed length control field a||||gr|||| 001 0
007 - PHYSICAL DESCRIPTION FIXED FIELD--GENERAL INFORMATION
fixed length control field ta
008 - FIXED-LENGTH DATA ELEMENTS--GENERAL INFORMATION
fixed length control field 191211r20212024ii a|||g |||| 001 0 eng d
020 ## - INTERNATIONAL STANDARD BOOK NUMBER
International Standard Book Number 9789354243431
Terms of availability Rs. 939.00
040 ## - CATALOGING SOURCE
Original cataloging agency IMU Kochi Library
Language of cataloging eng
041 0# - LANGUAGE CODE
Language code of text/sound track or separate title eng
044 ## - COUNTRY OF PUBLISHING/PRODUCING ENTITY CODE
MARC country code India
082 04 - DEWEY DECIMAL CLASSIFICATION NUMBER
Classification number 658.70285
Item number V691
Edition number 23
100 1# - MAIN ENTRY--PERSONAL NAME
Personal name Vijayaraghavan, T. A. S.
245 10 - TITLE STATEMENT
Title Supply Chain Analytics /
260 ## - PUBLICATION, DISTRIBUTION, ETC. (IMPRINT)
Place of publication, distribution, etc New Delhi :
Name of publisher, distributor, etc Wiley India Pvt. Ltd.,
Date of publication, distribution, etc 2021, reprinted 2024.
300 ## - PHYSICAL DESCRIPTION
Extent xxvii, 522 p :
Other physical details col. ill. ;
Dimensions 28 cm.
500 ## - GENERAL NOTE
General note Includes index.
650 #0 - SUBJECT ADDED ENTRY--TOPICAL TERM
Topical term or geographic name as entry element Business logistics
General subdivision Mathematical models
Form subdivision Textbooks
650 #0 - SUBJECT ADDED ENTRY--TOPICAL TERM
Topical term or geographic name as entry element Business logistics
General subdivision Data processing
Form subdivision Textbooks
650 #0 - SUBJECT ADDED ENTRY--TOPICAL TERM
Topical term or geographic name as entry element Decision making
General subdivision Mathematical models
Form subdivision Textbooks
650 #0 - SUBJECT ADDED ENTRY--TOPICAL TERM
Topical term or geographic name as entry element Business
General subdivision Computer programs
Form subdivision Textbooks
852 ## - LOCATION/CALL NUMBER
Location IMU Kochi Library
904 ## - LOCAL DATA ELEMENT D, LDD (RLIN)
CATALOGER Rudra Ranjan
905 ## - LOCAL DATA ELEMENT E, LDE (RLIN)
VERIFIER Rudra Ranjan
942 ## - ADDED ENTRY ELEMENTS (KOHA)
Item type Books
Holdings
Withdrawn status Lost status Source of classification or shelving scheme Damaged status Not for loan Collection code Permanent location Current location Shelving location Date acquired Source of acquisition Cost, normal purchase price Full call number Barcode Date last seen Koha item type Public note
          Management Studies IMU Kochi Library IMU Kochi Library General Stacks 2024-03-18 M/s Technical Bureau India Pvt Ltd. (Inv. No. TB4115 Dt. 07-03-2024) 939.00 658.70285 V691 BK006232 2024-06-19 Books Gen. Shelf-36, Row-5
          Management Studies IMU Kochi Library IMU Kochi Library General Stacks 2024-03-18 M/s Technical Bureau India Pvt Ltd. (Inv. No. TB4115 Dt. 07-03-2024) 939.00 658.70285 V691 BK006233 2024-06-19 Books Gen. Shelf-36, Row-5
          Management Studies IMU Kochi Library IMU Kochi Library General Stacks 2024-03-18 M/s Technical Bureau India Pvt Ltd. (Inv. No. TB4115 Dt. 07-03-2024) 939.00 658.70285 V691 BK006234 2024-06-19 Books Gen. Shelf-36, Row-5
          Management Studies IMU Kochi Library IMU Kochi Library General Stacks 2024-03-18 M/s Technical Bureau India Pvt Ltd. (Inv. No. TB4115 Dt. 07-03-2024) 939.00 658.70285 V691 BK006235 2024-06-19 Books Gen. Shelf-36, Row-5
          Management Studies IMU Kochi Library IMU Kochi Library General Stacks 2024-03-18 M/s Technical Bureau India Pvt Ltd. (Inv. No. TB4115 Dt. 07-03-2024) 939.00 658.70285 V691 BK006236 2024-06-19 Books Gen. Shelf-36, Row-5
          Management Studies IMU Kochi Library IMU Kochi Library General Stacks 2024-03-18 M/s Technical Bureau India Pvt Ltd. (Inv. No. TB4115 Dt. 07-03-2024) 939.00 658.70285 V691 BK006237 2024-06-19 Books Gen. Shelf-36, Row-5
          Management Studies IMU Kochi Library IMU Kochi Library General Stacks 2024-03-18 M/s Technical Bureau India Pvt Ltd. (Inv. No. TB4115 Dt. 07-03-2024) 939.00 658.70285 V691 BK006238 2024-06-19 Books Gen. Shelf-36, Row-5
          Management Studies IMU Kochi Library IMU Kochi Library General Stacks 2024-03-18 M/s Technical Bureau India Pvt Ltd. (Inv. No. TB4115 Dt. 07-03-2024) 939.00 658.70285 V691 BK006239 2024-06-19 Books Gen. Shelf-36, Row-5
          Management Studies IMU Kochi Library IMU Kochi Library General Stacks 2024-03-18 M/s Technical Bureau India Pvt Ltd. (Inv. No. TB4115 Dt. 07-03-2024) 939.00 658.70285 V691 BK006240 2024-06-19 Books Gen. Shelf-36, Row-5
          Management Studies IMU Kochi Library IMU Kochi Library General Stacks 2024-03-18 M/s Technical Bureau India Pvt Ltd. (Inv. No. TB4115 Dt. 07-03-2024) 939.00 658.70285 V691 BK006241 2024-06-19 Books Gen. Shelf-36, Row-5
          Management Studies IMU Kochi Library IMU Kochi Library General Stacks 2024-03-18 M/s Technical Bureau India Pvt Ltd. (Inv. No. TB4115 Dt. 07-03-2024) 939.00 658.70285 V691 BK006242 2024-06-19 Books Gen. Shelf-36, Row-5
          Management Studies IMU Kochi Library IMU Kochi Library General Stacks 2024-03-18 M/s Technical Bureau India Pvt Ltd. (Inv. No. TB4115 Dt. 07-03-2024) 939.00 658.70285 V691 BK006243 2024-06-19 Books Gen. Shelf-36, Row-5


Copyright © All Rights Reserved by Indian Maritime University, Kochi Campus.
For any Suggestions/Query Contact to library or Email: library.kochi@imu.ac.in Ph:(0484)-2989402
(Web OPAC Designed by Rudra Ranjan. Maintained by IMU Kochi Library)

Powered by Koha